000 00867nam a2200229Ii 4500
003 JO-AjNU
008 230605s9999||||xx |||||||||||||| ||und||
017 _a2006/7/1937
020 _a9957-07-473-3
040 _aJO-AjNU
_bara
_erda
_cJO-AjNU
041 _aara
050 1 4 _aLB1180.Q236 2007
100 3 _aقنديل، محمد متولي مؤلف/بدوي، رمضان مسعد م.مشارك,
_eauthor
_942769
245 0 0 _aالألعاب التربوية في الطفولة المبكرة
250 _aط1
264 3 1 _aعمان:دار الفكر،2007
300 _a423ص
_bمصور
336 _atext
_btxt
_2rdacontent
337 _aunmediated
_bn
_2rdamedia
338 _avolume
_bnc
_2rdacarrier
650 4 _aرياض الأطفال-مناهج. أطفال ما قبل المدرسة-تعليم-رياض الأطفال-برامج النشطة
_942770
999 _aA18338
_c21906
_d21906